<The> role of foreign trade and its effects

Zahraničný obchod ako prejav ekonomických vzťahov medzi jednotlivými ekonomikami. Existuje celý rad dôvodov, ktoré vedú k vývozu aj tých produktov, ktoré by bolo možné vzhľadom k úrovni kúpyschopného dopytu realizovať aj na domácom trhu a naopak dovoz zahŕňa u väčšiny produktov aj výrobky konkurujúc...

Description complète

Enregistré dans:
Détails bibliographiques
Auteur principal: Jeníček, Vladimír
Autres auteurs: Krepl, Vladimír
Format: Chapitre de livre
Langue:anglais
Sujets:
Tags: Ajouter un tag
Pas de tags, Soyez le premier à ajouter un tag!

MARC

LEADER 00000naa$a2200000$$$4500
001 0098209
005 20231129064950.8
041 0 |a eng 
044 |a CZ 
245 1 0 |a <The> role of foreign trade and its effects  |c Vladimír Jeníček, Vladimír Krepl 
520 |a Zahraničný obchod ako prejav ekonomických vzťahov medzi jednotlivými ekonomikami. Existuje celý rad dôvodov, ktoré vedú k vývozu aj tých produktov, ktoré by bolo možné vzhľadom k úrovni kúpyschopného dopytu realizovať aj na domácom trhu a naopak dovoz zahŕňa u väčšiny produktov aj výrobky konkurujúce domácim výrobkom, zaisťuje tak pestrejší sortiment ponuky. 
610 2 0 |a obchod zahraničný 
610 2 0 |a dovoz 
610 2 0 |a vývoz 
610 2 0 |a efektívnosť 
610 2 0 |a rast hospodársky 
100 1 |a Jeníček, Vladimír 
700 1 |a Krepl, Vladimír